LEADER 01090nam a2200265 i 4500 001 000000142222 003 CaOOAMICUS 005 20190404121135.0 008 050831s1955 it u000 u ita u 013 $a117483 040 $aSeMil$bita 100 1 $aPasserin d'Entrèves, Alessandro.$0(OLS)http://semarc/name/26001 245 10$aDante politico e altri saggi /$cAlessandro Passerin d'Entrèves. 260 $aTorino :$bGiulio Einaudi,$c1955. 300 $a252 p. ;$c22 cm. 490 0 $aSaggi ;$v191 600 10$aAlighieri, Dante <1265-1321> - Politica.$0(OLS)http://semarc/subject/48283 650 4$aAlighieri, Dante <1265-1321> - Studi.$0(OLS)http://semarc/subject/2985 830 0$aSaggi ;$v191.$0(OLS)http://semarc/title/341 850 $aSeMil 852 $aSeMil$W1$xVenegono$y1$m1O VI 216$j213246$B95397$CSeMilBibl$Z2$F102377 $81 961 $aLascito: Corradi mons. Enrico 996 $6245$aDante politico e altri saggi$9(OLS)http://semarc/title/207918 996 $6260$aTorino :$bGiulio Einaudi$9(OLS)http://semarc/publisher/29810 LEADER 01099nam a2200217 i 4500 001 000000251556 003 CaOOAMICUS 005 20161121000000.0 008 161121s1844 xx u000 u lat u 013 $a230461 040 $aSeMil$bita 245 10$aTomus 3. 300 $a518 p. 500 $aLascito Card. C.M. Martini. 773 0 $aGuillon, Marie Nicolas Sylvestre <1760-1847>$tCollectio selecta SS. Ecclesiae Patrum, complectens exquisitissima opera tum dogmatica et moralia, tum apologetica et oratoria; accurantibus D. Caillau ... una cum D.M.N.S. Guillon ..$dParisiis : Apud Méquignon-Havard, 1829-1840 (Parisiis : Typis Decourchant)$g56$w()28977 773 0 $aAmbrosius $tSancti Ambrosii Mediolanensis episcopi omnia quae extant opera.$bEditio nova accurantibus D. A. B. Caillau ...$dParisiis : Apud Paul Mellier, 1842-1844.$g3$w()33467 850 $aSeMil 852 $aSeMil$W1$xVenegono$y1$m2S VII 30 FA$j201902$B201902$CSeMilBibl$Z2$F214275 $8I 941 1 $a4 961 $aLascito: Martini Card. Carlo Maria 996 $6245$aTomus 3$9(OLS)http://semarc/title/70582